| 000 | 00568nai a2200181Ia 4500 | ||
|---|---|---|---|
| 003 | IN-BaIIA | ||
| 008 | 211028c9999 xx s 000 0 eng d | ||
| 022 | _a0167-8094 (Print) | ||
| 022 | _a1572-9273 (Online) | ||
| 040 | _cIIA Library | ||
| 245 | 0 |
_aOrder _h[eJournal] |
|
| 260 |
_aDordrecht, Netherlands _bSpringer Netherlands |
||
| 310 | _a3/year | ||
| 362 | _a14(1); 1997 - Present | ||
| 521 | _bSubscribed through National Knowledge Resource Consortium (NKRC) | ||
| 856 |
_uhttps://www.springer.com/journal/11083 _yClick Here to Access eJournal |
||
| 942 | _cEJ | ||
| 999 |
_c35473 _d35473 |
||